000 00526nam a2200145 a 4500
008 120416s1974 ||||||||||||||||| || u
020 _a9027977011
050 _aBL 2480.M3 Dan
100 _aDaneel, M. L
245 1 0 _aOld and new in Southern Shona independent churches
260 _aThe Hague
_bMorton
_c1974
300 _a2 vols.
350 _a0.00
995 _D0.00
_FCBU-MAIN LIBRARY (Kitwe)
_H1
_I12.90
_M1
_UAVAILABLE
_WAug 1, 2006
_ZMain Library Open Access Collection
999 _c52555
_d52555